<?xml version="1.0" encoding="UTF-8"?>
<record
    xmlns:xsi="http://www.w3.org/2001/XMLSchema-instance"
    xsi:schemaLocation="http://www.loc.gov/MARC21/slim http://www.loc.gov/standards/marcxml/schema/MARC21slim.xsd"
    xmlns="http://www.loc.gov/MARC21/slim">

  <leader>02195nam a2200289Ia 4500</leader>
  <controlfield tag="003">OSt</controlfield>
  <controlfield tag="005">20241009165857.0</controlfield>
  <controlfield tag="008">200731s9999    xx            000 0 und d</controlfield>
  <datafield tag="020" ind1=" " ind2=" ">
    <subfield code="a">722009387X</subfield>
  </datafield>
  <datafield tag="020" ind1=" " ind2=" ">
    <subfield code="a">9787220093876</subfield>
  </datafield>
  <datafield tag="040" ind1=" " ind2=" ">
    <subfield code="c">GETS</subfield>
  </datafield>
  <datafield tag="041" ind1=" " ind2=" ">
    <subfield code="a">chi</subfield>
    <subfield code="h">eng</subfield>
  </datafield>
  <datafield tag="050" ind1=" " ind2=" ">
    <subfield code="a">BX9418</subfield>
    <subfield code="b">.H265127 2015</subfield>
  </datafield>
  <datafield tag="100" ind1=" " ind2=" ">
    <subfield code="a">Hall, David W. </subfield>
  </datafield>
  <datafield tag="245" ind1=" " ind2=" ">
    <subfield code="a">&#x52A0;&#x5C14;&#x6587;&#x4E0E;&#x5546;&#x4E1A;</subfield>
    <subfield code="b">= Calvin and commerce /</subfield>
    <subfield code="c">&#x5927;&#x536B;.&#x970D;&#x5C14; (David W. Hall), &#x9A6C;&#x4FEE;.&#x4F2F;&#x987F; (Matthew D. Burton) &#x8457;; &#x77F3;&#x677E;&#x8BD1;</subfield>
  </datafield>
  <datafield tag="246" ind1=" " ind2=" ">
    <subfield code="a">&#x52A0;&#x723E;&#x6587;&#x8207;&#x5546;&#x696D;</subfield>
  </datafield>
  <datafield tag="260" ind1=" " ind2=" ">
    <subfield code="a">&#x56DB;&#x5DDD;:</subfield>
    <subfield code="b">&#x56DB;&#x5DDD;&#x4EBA;&#x6C11;&#x51FA;&#x7248;&#x793E;,&#xA0;</subfield>
    <subfield code="c">2015</subfield>
  </datafield>
  <datafield tag="300" ind1=" " ind2=" ">
    <subfield code="a">xxvi, 225 p.</subfield>
    <subfield code="b">;</subfield>
    <subfield code="c">21 cm.</subfield>
  </datafield>
  <datafield tag="505" ind1=" " ind2=" ">
    <subfield code="a">&#x53D7;&#x9020;&#x7684;&#x4EBA;&#x985E;&#x8207;&#x9020;&#x7269;&#x4E3B; -- &#x5275;&#x4E16;&#x4E4B;&#x521D;&#x662F;&#x4E00;&#x500B;&#x7269;&#x7522;&#x8C50;&#x5BCC; , &#x8CA1;&#x5BCC;&#x5962;&#x4F88;&#x7684;&#x6642;&#x4EE3; -- &#x4EBA;&#x88AB;&#x59D4;&#x4EE5;&#x91CD;&#x4EFB; , &#x7BA1;&#x7406;&#x4E0A;&#x5E1D;&#x7684;&#x9020;&#x7269; -- &#x5275;&#x4E16; , &#x5DE5;&#x4F5C;(&#x5929;&#x8077;)&#x8207;&#x4F11;&#x9592;(&#x5B89;&#x606F;&#x65E5;)&#x4E4B;&#x9593;&#x7684;&#x5E73;&#x8861; -- &#x5F9E;&#x9053;&#x5FB7;&#x89D2;&#x5EA6;&#x770B; , &#x8CA1;&#x5BCC;&#x4E0D;&#x662F;&#x58DE;&#x6771;&#x897F; -- &#x6557;&#x58DE;&#x50AC;&#x751F;&#x5DE5;&#x4F5C;&#x502B;&#x7406; -- &#x4EBA;&#x672C;&#x8CEA;&#x4E0A;&#x4E0D;&#x662F;&#x201C;&#x793E;&#x6703;&#x4E3B;&#x7FA9;&#x8005;&#x201D; -- &#x8CA1;&#x5BCC;&#x7684;&#x4F5C;&#x7528; -- &#x5229;&#x606F;&#x9084;&#x662F;&#x9AD8;&#x5229;&#x8CB8; -- &#x7AAE;&#x4EBA;&#x8207;&#x5BCC;&#x4EBA;&#x6703;&#x4E00;&#x76F4;&#x5B58;&#x5728; -- &#x57FA;&#x7763;&#x5F92;&#x7684;&#x81EA;&#x7531; -- &#x52A0;&#x723E;&#x6587;&#x53CD;&#x5C0D;&#x81EA;&#x79C1;&#x548C;&#x77ED;&#x898B; -- &#x4FDD;&#x7BA1;&#x8077;&#x8CAC;&#x8207;&#x79C1;&#x6709;&#x8CA1;&#x7522; -- &#x8CA1;&#x5BCC;&#x662F;&#x5C0D;&#x5F97;&#x6551;&#x7684;&#x5145;&#x5206;&#x611F;&#x6069;&#x548C;&#x8B9A;&#x7F8E; -- &#x6295;&#x8CC7;&#x662F;&#x4E00;&#x7A2E;&#x8D16;&#x56DE;&#x7684;&#x8077;&#x696D; -- &#x6148;&#x5584;&#x8207;&#x5F8B;&#x6CD5; -- &#x52A0;&#x723E;&#x6587;&#x7684;&#x8CA1;&#x7522;&#x8207;&#x5546;&#x696D;&#x502B;&#x7406;&#x5B78; : &lt;&#x51FA;&#x57C3;&#x53CA;&#x8A18;&gt;&#x7B2C;21&#x7AE0;-24&#x7AE0; -- &#x6148;&#x5584;&#x7684;&#x5178;&#x7BC4; -- &#x5BB6;&#x5EAD;&#x5916;&#x7684;&#x6148;&#x5584; -- &#x52A0;&#x723E;&#x6587;&#x7684;&#x535A;&#x611B;&#x53CA;&#x5176;&#x5C0D;&#x7AAE;&#x4EBA;&#x7684;&#x95DC;&#x5FC3; -- &#x6E96;&#x78BA;&#x754C;&#x5B9A;&#x6148;&#x5584;&#x8207;&#x8CA7;&#x56F0; -- &#x5C0D;&#x73FE;&#x4EE3;&#x798F;&#x5229;&#x7684;&#x932F;&#x8AA4;&#x5047;&#x5B9A; : &#x52A0;&#x723E;&#x6587;&#x77E5;&#x9053;&#x5F97;&#x66F4;&#x6E05;&#x695A; -- &#x6D88;&#x6EC5;&#x968E;&#x7D1A;&#x662F;&#x76EE;&#x6A19;&#x55CE;? -- &#x795E;&#x610F; -- &#x8056;&#x5316; -- &#x795E;&#x610F;&#x6703;&#x5BEC;&#x6055;&#x5C0D;&#x7AAE;&#x4EBA;&#x7684;&#x6F20;&#x8996;&#x55CE;? -- &#x6700;&#x521D;&#x7684;&#x52A0;&#x723E;&#x6587;&#x4E3B;&#x7FA9;&#x5546;&#x696D;&#x7CBE;&#x795E; -- &#x5DE5;&#x4F5C;&#x662F;&#x795E;&#x8056;&#x7684; -- &#x4EBA;&#x7684;&#x5DE5;&#x4F5C;&#x7684;&#x5C0A;&#x56B4; -- &#x7531;&#x6C38;&#x6046;&#x4F86;&#x5B9A;&#x7FA9;&#x7576;&#x4E0B; : &#x6BD4;&#x7531;&#x7576;&#x4E0B;&#x81EA;&#x6211;&#x5B9A;&#x7FA9;&#x66F4;&#x597D; -- &#x9577;&#x671F;&#x6295;&#x8CC7;&#x8207;&#x5C0D;&#x8056;&#x7D93;&#x7684;&#x5FE0;&#x8AA0; -- &#x9810;&#x5099;&#x548C;&#x8CC7;&#x7522;&#x7A4D;&#x7D2F; -- &#x5192;&#x96AA;&#x548C;&#x7372;&#x53D6;&#x5831;&#x916C;&#x662F;&#x88AB;&#x5141;&#x8A31; , &#x88AB;&#x9F13;&#x52F5;&#x7684; -- &#x52A0;&#x723E;&#x6587;&#x8207;&#x6559;&#x80B2; -- &#x52A0;&#x723E;&#x6587;&#x8207;&#x7BC0;&#x5109; -- &#x52A0;&#x723E;&#x6587;&#x4E3B;&#x7FA9;&#x7D93;&#x6FDF;&#x5B78;&#x7684;&#x4E94;&#x5927;&#x8981;&#x9EDE;.</subfield>
  </datafield>
  <datafield tag="650" ind1=" " ind2=" ">
    <subfield code="a">Calvin, Jean, -- 1509-1564.</subfield>
  </datafield>
  <datafield tag="650" ind1=" " ind2=" ">
    <subfield code="a">Economics -- Religious aspects -- Christianity.</subfield>
  </datafield>
  <datafield tag="650" ind1=" " ind2=" ">
    <subfield code="a">Work -- Religious aspects -- Christianity -- History of doctrines -- 16th century.</subfield>
  </datafield>
  <datafield tag="700" ind1=" " ind2=" ">
    <subfield code="a">Burton, Matthew D. </subfield>
  </datafield>
  <datafield tag="700" ind1=" " ind2=" ">
    <subfield code="a">&#x77F3;&#x677E;</subfield>
  </datafield>
  <datafield tag="700" ind1=" " ind2=" ">
    <subfield code="a">&#x970D;&#x5C14;</subfield>
  </datafield>
  <datafield tag="942" ind1=" " ind2=" ">
    <subfield code="c">CB</subfield>
    <subfield code="2">ddc</subfield>
  </datafield>
  <datafield tag="952" ind1=" " ind2=" ">
    <subfield code="0">0</subfield>
    <subfield code="1">0</subfield>
    <subfield code="2">LCC</subfield>
    <subfield code="4">0</subfield>
    <subfield code="7">0</subfield>
    <subfield code="a">GETS</subfield>
    <subfield code="b">GETS</subfield>
    <subfield code="c">GEN</subfield>
    <subfield code="d">2020-07-09</subfield>
    <subfield code="l">0</subfield>
    <subfield code="o">BX9418 .H265127 2015</subfield>
    <subfield code="p">00000048</subfield>
    <subfield code="r">2020-07-09 00:00:00</subfield>
    <subfield code="w">2020-07-09</subfield>
    <subfield code="y">CB</subfield>
  </datafield>
  <datafield tag="952" ind1=" " ind2=" ">
    <subfield code="0">0</subfield>
    <subfield code="1">0</subfield>
    <subfield code="2">LCC</subfield>
    <subfield code="4">0</subfield>
    <subfield code="7">0</subfield>
    <subfield code="a">GETS</subfield>
    <subfield code="b">GETS</subfield>
    <subfield code="c">GEN</subfield>
    <subfield code="d">2020-12-21</subfield>
    <subfield code="l">0</subfield>
    <subfield code="o">BX9418 .H265127 2015</subfield>
    <subfield code="p">00025146</subfield>
    <subfield code="r">2020-12-21 00:00:00</subfield>
    <subfield code="t">c. 2</subfield>
    <subfield code="w">2020-12-21</subfield>
    <subfield code="y">CB</subfield>
  </datafield>
  <datafield tag="999" ind1=" " ind2=" ">
    <subfield code="c">48</subfield>
    <subfield code="d">48</subfield>
  </datafield>
</record>
